000 00743nam a2200217Ii 4500
003 JO-AjNU
008 230605s9999||||xx |||||||||||||| ||und||
017 _a2015/5/2103
020 _a978-9957-592-25-7
040 _aJO-AjNU
_bara
_erda
_cJO-AjNU
041 _aara
050 1 4 _aR644.J6 2015
100 3 _aعبابنة، سليم يوسف تأليف، رفعات راجي الزغول م. مشارك,
_eauthor
_958379
245 0 0 _aالطب والأطباء في عجلون 1926-2015
264 3 1 _aإربد: دار الكتاب الثقافي، 2015
300 _a140ص
336 _atext
_btxt
_2rdacontent
337 _aunmediated
_bn
_2rdamedia
338 _avolume
_bnc
_2rdacarrier
650 4 _aالأطباء - تراجم
_958380
999 _aA26213
_c29781
_d29781